000 00246nam a2200097Ia 4500
001 712041
005 20250826162820.0
008 250824s9999 xx 000 0 und d
245 0 _aİMPARATOR ÇAY BAHÇESİ
_cNAZLI ERAY
260 _bEVEREST YAYINLARI
999 _c712041
_d712041